01285nam a2200265 a 450000100100000000500170001000800410002702000180006804000250008608200200011110000320013124500460016326000390020930000200024850000570026850501790032559000260050465000290053065000310055991000370059095201330062795201180076095201240087899900170100200004409420240412074303.0140515s2014 dr 000 j spa d a9789945583861 aDO-SdBNPbspacBNPHU aRD863.44bV719e1 aVillar, Juan,d1958-97208710aEntre febrero y el olvido /cJuan Villar. aSanto Domingo :bSantuario,c2014. a55 p. ;c23 cm. aIncluye datos biográficos del autor en las solapas0 tUn aparte entre febrero y el olvido --rAvelino Stanley --tFederico va al paraiso --tNo era un día culaquiera --t¿Cuántas son las bajas? --tEntre febrero y el olvido aInventariado, 2020/VM 0aCuentos dominicanos9176 0aLiteratura dominicana.967 aValidado. Control de calidad MFF 001054708DSaGRbGRcHDd2014-05-15iLF1l0oRD863.44 V719ep44094-30r2020-06-25te. 3w2020-06-25yLFDSZPréstamo en sala 0010718PDaPDbPDcHDd2014-05-15iLF1l0oRD863.44 V719ep44094-10r2020-06-25w2020-06-25yLFPDZNo se presta 0010718PDaPDbPDcHDd2014-05-15iLF1l0oRD863.44 V719ep44094-20r2020-06-25te. 2w2020-06-25yLFPDZNo se presta c43583d43583